00973nam a2200205 a 4500008004100000020001500041050001300056100001700069245007700086250001200163260004400175350000900219650001500228650002900243995012300272995012300395999001700518952011600535952011600651120416s1995 ||||||||||||||||| || u a052163136x aB 41 Cam aAudi, Robert14aThe Cambridge dictionary of philosophy. (2nd ed.)cedited by Robert Audi a2nd ed. aU. K.bCambridge University Pressc1995 a0.00 aPHILOSOPHY aPHILOSOPHY--DICTIONARIES aREFERENCE BOOKSD0.00e733303FCBU-MAIN LIBRARY (Kitwe)H2I48.95jB 41 CamM2UREFERENCEy45334ZReference Collection aREFERENCE BOOKSD0.00e733378FCBU-MAIN LIBRARY (Kitwe)H1I48.95jB 41 CamM1UREFERENCEy45290ZReference Collection c78001d78001 00102lcc4070a001b001cReference Collectiond2023-05-03l0oB 41 Camp45334r2023-05-03t1w2023-05-03y002 00102lcc4070a001b001cReference Collectiond2023-05-03l0oB 41 Camp45290r2023-05-03t2w2023-05-03y002